Stihneme zaviesť euro v termíne?
Ciele a kritériá prechodu na euro. V Programovom vyhlásení vlády SR je jasne vymedzený cieľ plniť kritériá prechodu na menu euro v roku 2009. Náročnosť kritérií - výška deficitu štátneho rozpočtu, inflácie, úrokovej miery a výška verejného dlhu. Slovensko má v porovnaní s ostatnými novými členskými...
Gespeichert in:
| 1. Verfasser: | |
|---|---|
| Format: | Buchkapitel |
| Sprache: | Slowakisch |
| Schlagworte: | |
| Tags: |
Keine Tags, Fügen Sie das erste Tag hinzu!
|
MARC
| LEADER | 00000naa$a2200000$$$4500 | ||
|---|---|---|---|
| 001 | 0050437 | ||
| 005 | 20231108140956.2 | ||
| 041 | 0 | |a slo | |
| 044 | |a SK | ||
| 245 | 1 | 0 | |a Stihneme zaviesť euro v termíne? |c Jaroslav Fidrmuc |
| 520 | |a Ciele a kritériá prechodu na euro. V Programovom vyhlásení vlády SR je jasne vymedzený cieľ plniť kritériá prechodu na menu euro v roku 2009. Náročnosť kritérií - výška deficitu štátneho rozpočtu, inflácie, úrokovej miery a výška verejného dlhu. Slovensko má v porovnaní s ostatnými novými členskými krajinami EÚ najväčšie ťažkosti pri prechode na euro. Euro a obchod. | ||
| 610 | 2 | 0 | |a euro |
| 610 | 2 | 0 | |a deficit rozpočtový |
| 610 | 2 | 0 | |a inflácia |
| 610 | 2 | 0 | |a miera úroková |
| 610 | 2 | 0 | |a dlhy verejné |
| 610 | 2 | 0 | |a obchod |
| 610 | 2 | 0 | |a Slovensko |
| 100 | 1 | |a Fidrmuc, Jaroslav | |